01247nab a22002297a 4500999001500000003000400015005001700019008004100036040000700077100004200084245008200126300001300208500003700221505033800258505014900596650002800745650002000773650002000793650003500813773015600848942001301004 c6217d6217OSt20260126002820.0190514b xxu||||| |||| 00| 0 spa d cPJ 95891aPérez Hortal, María Eugenia13aLa acción de desalojo entre coherederos /cMaría Eugenia Pérez Hortal.  ap. 44-51 aCita: TR LALEY AR/DOC/2122/2024. aSumario: I. Introducción.— II. El planteo judicial. Su desarrollo.— III. El desalojo entre herederos forzosos.— IV. Transmisión de la posesión hereditaria a los herederos.— V. Proceso de indivisión hereditaria. El uso y goce exclusivo de los bienes por un coheredero. La acción de partición.— VI. Conclusiones.  tFallo comentado: CCiv. y Com., La Matanza, sala I ~ 20/02/2024 ~ O. N. D. V. y otros c. T., N. B. Y O/A s/ desalojo (excepto por falta de pago). 09967aDERECHO DE FAMILIA 09888aSUCESIONES 091084aHEREDEROS 091057aJURISPRUDENCIA APLICABLE0 0284493222dBuenos Aires : AbeledoPerrot, 1989-tDerecho de familia. Revista Interdisciplinaria de doctrina y jurisprudencia. Octubre 2024-V.z18511201 2udccANA